| 000 | 00647cam a2200253 4500 | ||
|---|---|---|---|
| 008 | 090401t1989 xxu||||| |||| 00| 0 eng d | ||
| 020 | _a0632022663 | ||
| 035 | _a(Sirsi) u45722 | ||
| 041 | _aeng | ||
| 050 | _a346.41032 | ||
| 100 | _aCornes, David L | ||
| 245 | _aDesign Liability in the construction industry | ||
| 250 | _a3rd ed. | ||
| 260 |
_aOxford _bBSP Professional Books _c1989 |
||
| 300 | _avii,295p. ; 24cm. | ||
| 350 | _a27.5 | ||
| 650 | _aBUILDING FAILURES | ||
| 650 | _aBUILDING INDUSTRY | ||
| 650 |
_aInsurance _96249 |
||
| 650 | _aLIMITATION OF ACTION | ||
| 650 | _aNEGLIGENCE | ||
| 942 | _n0 | ||
| 948 | _c04/03/1997 | ||
| 999 |
_c91815 _d91815 |
||